Relajación y meditación: un manual práctico para afrontar el estrés (Registro nro. 6709)

Detalles MARC
000 -Cabecera
Campo de control de longitud fija 00687atm a2200265 4500
005 - Fecha y hora de la última transacción
Campo de control 20250523135033.0
008 - Elementos de longitud fija--Información general
Campo de control de longitud fija 150728b2006 xxu||||| |||| 00| 0 spa d
020 ## - International Standard Book Number
Número Internacional Estándar del Libro (ISBN) 8497425294
041 ## - Idioma
Código de idioma Español
082 ## - Clasificación Decimal Dewey
Número de clasificación 613.792 A925r
100 ## - Entrada principal--Autor personal
Nombre personal Amutio Kareaga, Alberto
9 (RLIN) 38988
245 ## - Título propiamente dicho
Título Relajación y meditación: un manual práctico para afrontar el estrés
260 ## - Pie de imprenta
Lugar de publicación, distribución, etc. España
260 ## - Pie de imprenta
Nombre del editor, distribuidor, etc. Biblioteca Nueva
260 ## - Pie de imprenta
Fecha de publicación, distribución, etc. 2006
300 ## - Descripción física
Extensión 253 páginas
650 ## - Materia general
Temática (materia general) RELAJACIÓN
650 ## - Materia general
Temática (materia general) MEDITACIÓN
650 ## - Materia general
Temática (materia general) ESTRÉS
650 ## - Materia general
Temática (materia general) RELAJACIÓN MUSCULAR
650 ## - Materia general
Temática (materia general) TÉCNICAS RESPIRATORIAS
650 ## - Materia general
Temática (materia general) ESTIRAMIENTOS
650 ## - Materia general
Temática (materia general) YOGA
942 ## - Punto de acceso adicional KOHA
Tipo de ítem KOHA Libro
Fuente del sistema de clasificación o colocación Dewey Decimal Classification
Existencias
Signatura completa Código de barras Tipo de ítem
613.792 A925r 11886 Libro